000
00344nam a2200145Ia 4500
100
_a
Shah/M.M.
942
_c
BK
654
_a
Design of electronics
245
_a
Design of Electronics circuits & computer aided design
260
_b
New Age Int (P) Ltd
_c
1993
082
_a
621.38195
300
_a
234
546
_a
ENGLISH
999
_c
21994
_d
21994